| 000 | 00424nab a2200145Ia 4500 | ||
|---|---|---|---|
| 003 | ES-SlBCS | ||
| 005 | 20210601124122.0 | ||
| 008 | 140529s1979 xxu||||| |||| 00| 0 eng d | ||
| 041 | _aeng | ||
| 100 | 1 |
_aLewis, David _9132381 |
|
| 245 | 0 | 0 |
_aLucas Against Mechanism II _c David Lewis |
| 600 | 1 | 4 |
_aLucas, L. R. _9135604 |
| 773 | 0 |
_tCanadian Journal of Philosophy _gvol. 9, nº. 3, 1979, págs. 373-376 _wRev1390 |
|
| 942 | _cAR | ||
| 999 |
_c509632 _d509632 |
||